000 00338pab a2200145 454500
008 180718b1988 xxu||||| |||| 00| 0 eng d
100 _aBanerjee, G.
245 _aExpenditure tax act, 1987
260 _c1988
300 _a455-57,63
362 _aNov.
650 _aTaxation - India
773 _aChartered Accountant
909 _a19007
999 _c19007
_d19007